000 00634nam a22002297a 4500
003 UA-OsUOA
001 95755
007 ta
008 20130306b un ||||| |||| 00| 0 ukr d
100 _aЙорданов Л.
090 _a821.163.2
_bЙ75
942 _cBK
040 _aUA-OsUOA
_brus
_cUA-OsUOA
_dUA-OsUOA
245 _aКрасный экселенц
_bповесть о Б. Стомонякове
300 _a242 с.
955 _a3
041 _arus
080 _a821.163.2
260 _aМ.
_bПрогресс
_c1985
650 7 _a82 Література. Літературознавство
_2UDC
999 _c382001
_d382001